[Event "Drammen Autumn"]
[Site "Drammen"]
[Date "2009.09.08"]
[Round "1"]
[White "Andersson, Oivind"]
[Black "Rueda Kjeldsen, Juan Carlos"]
[Result "0-1"]
[WhiteElo "1208"]
[BlackElo "1872"]
[PlyCount "116"]
[EventDate "2009.09.08"]
[EventType "swiss"]
[EventRounds "9"]
[EventCountry "NOR"]
[SourceTitle "EXT 2024"]
[Source "ChessBase"]
[SourceDate "2023.10.10"]
[SourceVersion "1"]
[SourceVersionDate "2023.10.10"]
[SourceQuality "1"]

1. e4 c5 2. Nf3 d6 3. c3 Bg4 4. d4 cxd4 5. cxd4 Nf6 6. Nc3 g6 7. Be2 Bg7 8. 0-0 0-0 9. Be3 Nc6 10. a3 Rc8 11. h3 Bd7 12. Rc1 a6 13. b4 b5 14. Qd2 Re8 15. d5 Ne5 16. Nxe5 dxe5 17. f3 Nh5 18. Qe1 Nf4 19. Kh2 Bh6 20. g4 Ng2 21. Kxg2 Bxe3 22. Rc2 Qb6 23. Bd3 Qd4 24. Nd1 Bf4 25. Qe2 Rxc2 26. Qxc2 Rc8 27. Qb1 h5 28. Nf2 hxg4 29. hxg4 Be3 30. Nd1 Bd2 31. Rf2 Bf4 32. Rf1 Rc1 33. Qb3 Kg7 34. Rf2 e6 35. Rf1 Rc8 36. Rh1 Bd2 37. Be2 Bc1 38. Bd3 Rc7 39. Rf1 Bf4 40. Rh1 Rc1 41. Rf1 Ra1 42. Qb2 Qxb2+ 43. Nxb2 Rxa3 44. d6 Rb3 45. Rb1 Rxb4 46. Nd1 Rd4 47. Be2 Rxd6 48. Ra1 Bc8 49. Nc3 Rd2 50. Kf1 Rc2 51. Nxb5 axb5 52. Bxb5 Be3 53. Be2 Kh6 54. Ke1 Bd4 55. Kd1 Rxe2 56. Kxe2 Bxa1 57. Kf2 Kg5 58. Kg3 Bd4 0-1